El aprendizaje de la paz: (Registro nro. 9206)

Detalles MARC
000 -CABECERA
Longitud fija campo de control 01108nam a2200289Ia 4500
003 - IDENTIFICADOR DEL NUMERO DE CONTROL
Identificador del número de control CO-BoRNBP
005 - FECHA Y HORA DE LA ULTIMA TRANSACCION
Fecha y hora de la última transacción 20230309135555.0
007 - CAMPO FIJO DE DESCRIPCION FISICA
Campo fijo de descripción física ta
008 - CODIGOS DE INFORMACION DE LONGITUD FIJA
Códigos de información de longitud fija 170306s9999 xx 000 0 und d
020 ## - NUMERO INTERNACIONAL NORMALIZADO PARA LIBROS
Número Internacional Normalizado para Libros (ISBN) 9582005467
040 ## - FUENTE DE LA CATALOGACION
Centro catalogador de origen CO-BoRNBP
Lengua de catalogación spa
Normas de descripción rda
Centro transcriptor CO-BoRNBP
041 ## - CODIGO DE LENGUA
Código de lengua del texto/banda sonora o título independiente spa
082 ## - NUMERO DE LA CLASIFICACION DECIMAL DEWEY
Número de clasificación (R) 303.66 R25a
100 ## - PUNTO DE ACCESO PRINCIPAL-NOMBRE DE PERSONA
Nombre de persona Rendón Merino, {aelig}lvaro
245 #0 - TITULO PROPIAMENTE DICHO
Título El aprendizaje de la paz:
Resto del título m{82}todos y t{82}cnicas para su construcción desde procesos pedagógicos /
Mención de responsabilidad, etc. Alvaro Rendón Merino
250 ## - MENCION DE EDICION
Mención de edición 2a ed
264 ## - PRODUCCION, PUBLICACION , DISTRIBUCION, FABRICACION Y COPYRIGHT
Lugar de producción, publicación, distribución, fabricación Bogotá :
Nombre del productor, editor, distribuidor, fabricante Magisterio,
Fecha de de producción, publicación, distribución, fabricación o copyright 2008
300 ## - DESCRIPCION FISICA
Extensión 168 p.
336 ## - TIPO DE CONTENIDO
Término de tipo de contenido texto
Código de tipo de contenido txt
Fuente rdacontent
337 ## - TIPO DE MEDIO
Nombre del tipo de medio sin mediación
Código del tipo de medio n
Fuente rdamedia
338 ## - TIPO DE SOPORTE
Nombre del tipo de soporte volumen
Código del tipo de soporte nc
Fuente rdacarrier
490 ## - MENCION DE SERIE
Mención de serie Aula abierta
500 ## - NOTA GENERAL
Nota general Incluye glosario y bibliografía
505 ## - NOTA DE CONTENIDO CON FORMATO
Nota de contenido con formato Que es la paz? La no violencia activa Las causas de la violencia La construcción de la paz desde el sistema educativo El aprendizaje de la paz interior T{82}cnicas no convencionales para el aprendizaje de la paz
650 ## - PUNTO DE ACCESO ADICIONAL DE MATERIA - TERMINO DE MATERIA
Término de materia o nombre geográfico como elemento inicial Educacion Para La Paz \ Paz - Colombia
Fuente del encabezamiento ARMARC
942 ## - ENTRADA DE ELEMENTOS AGREGADOS (KOHA)
Fuente de clasificaión o esquema Dewey Decimal Classification
Koha [por defecto] tipo de item LIbro
Existencias
Perdido Fuente de clasificación o esquema Estado Físico No para préstamo Forma de adquisición Localización permanente Localización actual Localización en estanterías Fecha adquisición Préstamos totales Signatura completa Código de barras Fecha última consulta Número de copia Fecha del precio de reemplazo Tipo de item de Koha
  Dewey Decimal Classification     Colección General Biblioteca Pública Guamal Biblioteca Pública Guamal General 03/09/2023   303.66 R25a GUA002091 03/09/2023 Ej.1 03/09/2023 LIbro









Instituto Departamental de Cultura del Meta - Red Departamental de Bibliotecas Públicas del Meta.